000 00283nam a2200109Ia 4500
008 200302s9999 xx 000 0 und d
100 _aTime-Life Books
245 _aMound Builders & Cliff Dwellers
260 _bTime Life Books Alexandria Virginia
260 _c1992
300 _a168 P.,
999 _c1654
_d1654